[Event "Limhamns IM-turnering"]
[Site "Malmoe"]
[Date "2000.05.26"]
[Round "6"]
[White "Hermansson, Emil"]
[Black "Gross, Stefan"]
[Result "1-0"]
[WhiteElo "2282"]
[BlackElo "2352"]
[PlyCount "85"]
[EventDate "2000.05.??"]

1. e4 c5 2. Nf3 d6 3. d4 cxd4 4. Nxd4 Nf6 5. Nc3 Nbd7 6. Be3 a6 7. g4 d5 8. g5
Nxe4 9. Nxe4 dxe4 10. Bg2 Qc7 11. Bxe4 Nc5 12. Bg2 e5 13. Nb3 Be6 14. O-O Rd8
15. Qe2 Bd6 16. Nxc5 Bxc5 17. Bxc5 Qxc5 18. Rfe1 O-O 19. c3 Bd5 20. Qxe5 Qc6
21. Qg3 Qb5 22. b3 Bxg2 23. c4 Qb6 24. Kxg2 f5 25. Qe3 Qc6+ 26. Qf3 Qg6 27. Qf4
h6 28. h4 hxg5 29. hxg5 Rde8 30. f3 Re6 31. Rad1 Rfe8 32. Rxe6 Qxe6 33. Qd2
Qe2+ 34. Qxe2 Rxe2+ 35. Kg3 Rxa2 36. g6 Kf8 37. Rd7 b5 38. Rf7+ Ke8 39. Rxg7
bxc4 40. bxc4 Rc2 41. Rc7 Kf8 42. Kf4 Rc3 43. Kg5 1-0

[Event "Limhamns IM-turnering"]
[Site "Malmoe"]
[Date "2000.05.26"]
[Round "6"]
[White "Johansson, Thomas"]
[Black "Loeffler, Stefan"]
[Result "1-0"]
[WhiteElo "2198"]
[BlackElo "2426"]
[PlyCount "61"]
[EventDate "2000.05.??"]

1. e4 Nf6 2. Nc3 e5 3. Nf3 Bb4 4. Nxe5 O-O 5. Be2 Re8 6. Nd3 Bxc3 7. dxc3 Nxe4
8. Nf4 a5 9. O-O a4 10. a3 d6 11. Re1 Nd7 12. Be3 Ra5 13. Bf1 Ndf6 14. f3 Ng5
15. Qd2 b6 16. Ne2 h6 17. Nd4 Bd7 18. c4 Rae5 19. b4 Qa8 20. Bf2 Nh5 21. Rxe5
dxe5 22. Nb5 Bxb5 23. cxb5 Qxf3 24. Qd7 Qa8 25. Qxc7 e4 26. Rd1 Nf6 27. Bc4 Ng4
28. Bxb6 Kh7 29. Bd5 Qc8 30. Qxc8 Rxc8 31. h4 1-0

[Event "Limhamns IM-turnering"]
[Site "Malmoe"]
[Date "2000.05.26"]
[Round "6"]
[White "Lauridsen, Jesper"]
[Black "Thiede, Lars"]
[Result "0-1"]
[WhiteElo "2271"]
[BlackElo "2390"]
[PlyCount "82"]
[EventDate "2000.05.??"]

1. d4 g6 2. c4 Bg7 3. e4 d6 4. Nc3 Nf6 5. Bd3 O-O 6. Nge2 Nc6 7. O-O Nh5
8. Be3 e5 9. dxe5 dxe5 10. Rc1 Nd4 11. b4 c6 12. b5 Qh4 13. bxc6 bxc6 14. f3 f5
15. exf5 gxf5 16. Qd2 Rd8 17. Bf2 Qf6 18. Bxd4 exd4 19. Nd1 Bh6 20. f4 c5
21. Rb1 Rd7 22. Rb5 Bf8 23. Nf2 Rg7 24. Nh1 Bd7 25. Ra5 Bc6 26. Neg3 Qf7
27. Nxf5 Rxg2+ 28. Qxg2+ Bxg2 29. Kxg2 Qc7 30. Be4 Re8 31. Bd5+ Kh8 32. Ra3
Nxf4+ 33. Kf3 Nxd5 34. cxd5 c4 35. Ra6 Qe5 36. Nhg3 Qxd5+ 37. Kg4 d3 38. Rf6 d2
39. Ne3 Qd7+ 40. Ngf5 c3 41. Kg5 c2 0-1

[Event "Limhamns IM-turnering"]
[Site "Malmoe"]
[Date "2000.05.27"]
[Round "7"]
[White "Thiede, Lars"]
[Black "Schneider, Stefan"]
[Result "1-0"]
[WhiteElo "2390"]
[BlackElo "2354"]
[PlyCount "67"]
[EventDate "2000.05.??"]

1. g3 d5 2. Bg2 Nf6 3. c4 c6 4. Nf3 Bf5 5. cxd5 cxd5 6. Qb3 Qb6 7. Qxb6 axb6
8. Nc3 Nc6 9. d3 e6 10. Nb5 Bb4+ 11. Bd2 Ke7 12. Nfd4 Bxd2+ 13. Kxd2 Bg6 14. f4
Ra4 15. Nc2 Rc8 16. Bh3 Nb4 17. Nc3 Nxc2 18. Nxa4 Nxa1 19. Rxa1 b5 20. Nc3 b4
21. Nb5 Nd7 22. Nd4 Nc5 23. Rc1 b6 24. a3 bxa3 25. b4 a2 26. bxc5 bxc5 27. Nc2
Rb8 28. Ra1 Rb1 29. Bg2 c4 30. Rxa2 cxd3 31. exd3 Rg1 32. Ne1 Bh5 33. Ra1 d4
34. Ra4 1-0

[Event "Limhamns IM-turnering"]
[Site "Malmoe"]
[Date "2000.05.27"]
[Round "7"]
[White "Gross, Stefan"]
[Black "Johansson, Thomas"]
[Result "1/2-1/2"]
[WhiteElo "2352"]
[BlackElo "2198"]
[PlyCount "82"]
[EventDate "2000.05.??"]

1. Nf3 f5 2. g3 Nf6 3. d4 g6 4. c3 Bg7 5. Qb3 e6 6. Bg2 Qe7 7. Ne5 c6 8. Qa3
Qxa3 9. Nxa3 d5 10. f3 Nfd7 11. Nxd7 Nxd7 12. e4 e5 13. exd5 exd4 14. dxc6 bxc6
15. cxd4 Bxd4 16. Nc2 Bb6 17. Be3 Ba6 18. O-O-O O-O-O 19. Bf1 Bxf1 20. Rhxf1
Bxe3+ 21. Nxe3 Rhe8 22. Rd3 Ne5 23. Rxd8+ Rxd8 24. Kc2 Rd4 25. f4 Nc4 26. Nxc4
Rxc4+ 27. Kd3 Re4 28. Rc1 Kc7 29. Rc2 h5 30. Re2 Rxe2 31. Kxe2 Kb6 32. Kd3 Kc5
33. a3 a6 34. b3 Kd5 35. Ke3 Kc5 36. Kd3 Kd5 37. a4 c5 38. Kc3 Kd6 39. Kc4 Kc6
40. Kc3 Kd5 41. Kd3 Kd6 1/2-1/2

[Event "Limhamns IM-turnering"]
[Site "Malmoe"]
[Date "2000.05.27"]
[Round "7"]
[White "Ahlander, Bjoern"]
[Black "Hermansson, Emil"]
[Result "1/2-1/2"]
[WhiteElo "2434"]
[BlackElo "2282"]
[PlyCount "30"]
[EventDate "2000.05.??"]

1. d4 Nf6 2. c4 g6 3. Nc3 Bg7 4. e4 d6 5. Be2 O-O 6. Nf3 e5 7. O-O Nc6 8. d5
Ne7 9. Nd2 a5 10. a3 Nd7 11. Rb1 f5 12. b4 Kh8 13. Qc2 Ng8 14. exf5 gxf5 15. f4
Ne7 1/2-1/2

[Event "Limhamns IM-turnering"]
[Site "Malmoe"]
[Date "2000.05.27"]
[Round "7"]
[White "Eriksson, Magnus"]
[Black "Ansell, Simon"]
[Result "1/2-1/2"]
[WhiteElo "2360"]
[BlackElo "2383"]
[PlyCount "93"]
[EventDate "2000.05.??"]

1. c4 Nf6 2. Nc3 c6 3. e4 e5 4. Nf3 d6 5. d4 Nbd7 6. Be2 Be7 7. O-O O-O 8. Re1
Re8 9. Bf1 Qc7 10. Rb1 Bf8 11. b4 exd4 12. Nxd4 g6 13. f3 Bg7 14. Be3 Nf8
15. Qd2 Ne6 16. Nb3 Bd7 17. Rbc1 Rad8 18. a4 Bc8 19. Qf2 Nd7 20. a5 b6 21. axb6
axb6 22. Red1 Qb8 23. f4 c5 24. b5 Nf6 25. h3 Nc7 26. Bd3 Bb7 27. Nd2 d5
28. cxd5 Nfxd5 29. exd5 Rxe3 30. Nf3 Ree8 31. Bc4 Bxc3 32. Rxc3 Bxd5 33. Ne5
Bxc4 34. Rxd8 Qxd8 35. Rxc4 Nxb5 36. Ng4 Nd6 37. Ra4 Nf5 38. Qb2 Nd4 39. Ra7
Re1+ 40. Kh2 Qb8 41. Nh6+ Kh8 42. Rxf7 Re4 43. Qa2 Rxf4 44. Rb7 Qf8 45. Qd5
Qxh6 46. Qe5+ Kg8 47. Qd5+ 1/2-1/2

[Event "Limhamns IM-turnering"]
[Site "Malmoe"]
[Date "2000.05.28"]
[Round "8"]
[White "Schneider, Stefan"]
[Black "Ansell, Simon"]
[Result "1/2-1/2"]
[WhiteElo "2354"]
[BlackElo "2383"]
[PlyCount "79"]
[EventDate "2000.05.??"]

1. d4 d5 2. Nf3 Nf6 3. c4 c6 4. e3 Bf5 5. Nc3 e6 6. Nh4 Bg4 7. Qb3 Qb6 8. h3
Bh5 9. g4 Bg6 10. Nxg6 hxg6 11. Bg2 Na6 12. Bd2 Be7 13. O-O g5 14. Rac1 Qxb3
15. axb3 O-O-O 16. Ne2 Kb8 17. f3 c5 18. Ba5 Rd7 19. Rfd1 cxd4 20. exd4 Bb4
21. Bxb4 Nxb4 22. Rd2 Rhd8 23. Kf2 Ng8 24. Bf1 Ne7 25. Ra1 dxc4 26. bxc4 Nbc6
27. Rad1 Na5 28. Nc1 Nec6 29. Ke3 Nb4 30. b3 g6 31. Nd3 Nxd3 32. Rxd3 Nc6
33. d5 exd5 34. Rxd5 Rxd5 35. Rxd5 Re8+ 36. Kf2 Ne5 37. Bd3 Nxd3+ 38. Rxd3 Kc7
39. Rd5 f6 40. Rc5+ 1/2-1/2

[Event "Limhamns IM-turnering"]
[Site "Malmoe"]
[Date "2000.05.28"]
[Round "8"]
[White "Hermansson, Emil"]
[Black "Eriksson, Magnus"]
[Result "1-0"]
[WhiteElo "2282"]
[BlackElo "2360"]
[PlyCount "80"]
[EventDate "2000.05.??"]

1. e4 c5 2. Nf3 e6 3. d4 cxd4 4. Nxd4 a6 5. Bd3 Bc5 6. Nb3 Be7 7. Qg4 g6
8. Qe2 d6 9. O-O Qc7 10. a4 b6 11. Nc3 Nd7 12. Bd2 Bb7 13. Rae1 Ngf6 14. Bh6
Rg8 15. f4 Nc5 16. Kh1 Nfd7 17. Nd2 Bh4 18. Rd1 Bf6 19. e5 Nxd3 20. Nde4 Nxb2
21. Nxd6+ Kd8 22. Nxb7+ Qxb7 23. Rb1 Nxa4 24. Nxa4 Be7 25. Bg5 Qc6 26. Rb4 h6
27. Rc4 Qb7 28. Bxe7+ Kxe7 29. Qd3 Rgc8 30. Rd4 Nc5 31. Nxc5 bxc5 32. Rd6 Kf8
33. Rd1 Kg7 34. f5 exf5 35. e6 Qb4 36. Qe3 Qe4 37. Qc3+ Kh7 38. Qf6 Ra7
39. exf7 f4 40. f8Q Rxf8 1-0

[Event "Limhamns IM-turnering"]
[Site "Malmoe"]
[Date "2000.05.28"]
[Round "8"]
[White "Johansson, Thomas"]
[Black "Ahlander, Bjoern"]
[Result "0-1"]
[WhiteElo "2198"]
[BlackElo "2434"]
[PlyCount "74"]
[EventDate "2000.05.??"]

1. e4 c5 2. Nf3 e6 3. c3 d5 4. exd5 Qxd5 5. d4 Nf6 6. Be3 cxd4 7. cxd4 Nc6
8. Nc3 Qd6 9. a3 Be7 10. Bd3 a6 11. O-O b5 12. Qd2 Bb7 13. Bf4 Qd8 14. Rad1 O-O
15. Bb1 b4 16. axb4 Nxb4 17. Ng5 g6 18. Nce4 Nbd5 19. Bg3 Nxe4 20. Nxe4 f5
21. Rfe1 f4 22. Nc5 Bxc5 23. dxc5 fxg3 24. hxg3 Qf6 25. f4 Rad8 26. Qe2 Nc7
27. c6 Bc8 28. Bd3 Rd6 29. Qc2 Rfd8 30. Re5 Rd5 31. Qc3 Nb5 32. Qc2 Nd4 33. Qc3
Rxe5 34. fxe5 Qxe5 35. c7 Rd7 36. Rf1 Rxc7 37. Qb4 Qc5 0-1

[Event "Limhamns IM-turnering"]
[Site "Malmoe"]
[Date "2000.05.28"]
[Round "8"]
[White "Lauridsen, Jesper"]
[Black "Gross, Stefan"]
[Result "0-1"]
[WhiteElo "2271"]
[BlackElo "2352"]
[PlyCount "120"]
[EventDate "2000.05.??"]

1. e4 c5 2. Nf3 e6 3. d4 cxd4 4. Nxd4 a6 5. Nc3 Qc7 6. f4 b5 7. a3 Bb7 8. Bd3
d6 9. O-O Nf6 10. Qe2 Nbd7 11. Bd2 Be7 12. Rae1 O-O 13. Kh1 Rad8 14. b4 Nb6
15. e5 dxe5 16. fxe5 Rxd4 17. exf6 Rh4 18. Rf4 Rxf4 19. fxe7 Re8 20. Bxf4 Qxf4
21. Rf1 Qh4 22. Bxb5 axb5 23. Qxb5 Rxe7 24. Qxb6 Rd7 25. Qf2 Qc4 26. Na4 Rc7
27. Nc5 Bd5 28. Rd1 h5 29. Qd2 Qg4 30. Rc1 Rc8 31. Nd3 h4 32. Nf4 Be4 33. h3
Qg3 34. c4 e5 35. Nd5 Qxh3+ 36. Kg1 Qe6 37. Ne3 f5 38. c5 f4 39. Nf1 f3
40. gxf3 Bxf3 41. Qg5 Rf8 42. Re1 Rf5 43. Qd8+ Kh7 44. Qxh4+ Rh5 45. Qg3 Qf6
46. Kf2 Bc6+ 47. Ke3 Qh6+ 48. Kf2 Rf5+ 49. Ke2 Bb5+ 50. Kd1 Bxf1 51. Kc2 Qe6
52. Kb2 Bb5 53. Rd1 Qf7 54. Rd2 Rf3 55. Qh4+ Kg8 56. Qd8+ Be8 57. Qd5 e4
58. Qxf7+ Kxf7 59. Re2 e3 60. Kc3 Bb5 0-1

[Event "Limhamns IM-turnering"]
[Site "Malmoe"]
[Date "2000.05.28"]
[Round "8"]
[White "Thiede, Lars"]
[Black "Loeffler, Stefan"]
[Result "1/2-1/2"]
[WhiteElo "2390"]
[BlackElo "2426"]
[PlyCount "27"]
[EventDate "2000.05.??"]

1. g3 e5 2. Bg2 d5 3. d3 c5 4. Nf3 Nc6 5. O-O Nf6 6. e4 d4 7. a4 Bg4 8. h3 Bh5
9. Na3 Be7 10. Nc4 Nd7 11. b3 b6 12. h4 Bg4 13. Bd2 h6 14. Qe1 1/2-1/2

[Event "Limhamns IM-turnering"]
[Site "Malmoe"]
[Date "2000.05.29"]
[Round "9"]
[White "Loeffler, Stefan"]
[Black "Schneider, Stefan"]
[Result "1-0"]
[WhiteElo "2426"]
[BlackElo "2354"]
[PlyCount "95"]
[EventDate "2000.05.??"]

1. Nf3 d5 2. c4 c6 3. e3 Nf6 4. Nc3 a6 5. Be2 b5 6. b3 Bg4 7. d3 e6 8. O-O
Nbd7 9. e4 b4 10. Na4 dxe4 11. dxe4 Qc7 12. Bb2 Nxe4 13. Nd4 Bxe2 14. Qxe2 Ndf6
15. c5 Be7 16. Rac1 O-O 17. Rc4 Rfd8 18. Rxb4 Nxc5 19. Nxc5 Bxc5 20. Rc4 Bxd4
21. Bxd4 Nd5 22. Rfc1 Rac8 23. Ra4 Ra8 24. Be5 Qd7 25. Rxa6 Rxa6 26. Qxa6 Nb4
27. Qe2 f6 28. Bxf6 Nxa2 29. Re1 gxf6 30. Qxa2 Qd5 31. h3 Kf7 32. Qa7+ Rd7
33. Qe3 Rb7 34. Qh6 Qf5 35. Ra1 Qg6 36. Qe3 Qc2 37. Ra8 Qd1+ 38. Kh2 Qd6+
39. g3 Kg7 40. Qf3 f5 41. Rc8 Rc7 42. Re8 Qe5 43. Qd1 Qb2 44. Qe1 f4 45. gxf4
Qf6 46. Qg1+ Qg6 47. Qa1+ Kh6 48. Qe5 1-0

[Event "Limhamns IM-turnering"]
[Site "Malmoe"]
[Date "2000.05.29"]
[Round "9"]
[White "Gross, Stefan"]
[Black "Thiede, Lars"]
[Result "1-0"]
[WhiteElo "2352"]
[BlackElo "2390"]
[PlyCount "85"]
[EventDate "2000.05.??"]

1. e4 g6 2. d4 Bg7 3. Nc3 d6 4. Be3 a6 5. a4 Nf6 6. h3 O-O 7. Nf3 b6 8. Bc4 e6
9. d5 e5 10. g4 Nbd7 11. Nd2 Ne8 12. Rg1 Kh8 13. g5 f5 14. f3 Rf7 15. Qe2 Bf8
16. Qh2 Ng7 17. a5 b5 18. Bf1 Nh5 19. Na2 Bb7 20. Nb4 Qc8 21. c4 c5 22. dxc6
Bxc6 23. Nxc6 Qxc6 24. cxb5 axb5 25. Qe2 fxe4 26. Qxb5 Nb8 27. fxe4 Rb7
28. Qxc6 Nxc6 29. Nc4 Nd4 30. Bxd4 exd4 31. Kd2 Nf4 32. Rg4 Ne6 33. Nb6 Raa7
34. Bc4 Nc5 35. Ra2 Be7 36. b4 Nd7 37. Nxd7 d5 38. exd5 Bxb4+ 39. Kd3 Rxd7
40. a6 Bc5 41. Ra5 Bb6 42. Rb5 Rxa6 43. Rb3 1-0

[Event "Limhamns IM-turnering"]
[Site "Malmoe"]
[Date "2000.05.29"]
[Round "9"]
[White "Ahlander, Bjoern"]
[Black "Lauridsen, Jesper"]
[Result "1/2-1/2"]
[WhiteElo "2434"]
[BlackElo "2271"]
[PlyCount "56"]
[EventDate "2000.05.??"]

1. d4 d5 2. c4 e6 3. Nc3 c5 4. cxd5 cxd4 5. Qa4+ Bd7 6. Qxd4 exd5 7. Nf3 Nc6
8. Qxd5 Nf6 9. Qd1 Bc5 10. e3 Qe7 11. Be2 O-O-O 12. O-O g5 13. Nd4 g4 14. b4
Bxb4 15. Bb2 h5 16. Ncb5 Kb8 17. Qb3 Na5 18. Qa4 a6 19. a3 Bd2 20. Nf5 Bxf5
21. Qf4+ Ka8 22. Qxf5 Rh6 23. Qf4 Rg6 24. Nc7+ Ka7 25. Bd4+ b6 26. Rab1 Ne4
27. Nxa6 Bc3 28. Rfc1 Rc6 1/2-1/2

[Event "Limhamns IM-turnering"]
[Site "Malmoe"]
[Date "2000.05.29"]
[Round "9"]
[White "Eriksson, Magnus"]
[Black "Johansson, Thomas"]
[Result "1-0"]
[WhiteElo "2360"]
[BlackElo "2198"]
[PlyCount "79"]
[EventDate "2000.05.??"]

1. c4 f5 2. g3 Nf6 3. Bg2 g6 4. Nc3 Bg7 5. d3 O-O 6. e4 d6 7. Nge2 Nc6 8. O-O
e5 9. Nd5 Be6 10. Bg5 h6 11. Nxf6+ Bxf6 12. Bxh6 Rf7 13. exf5 gxf5 14. Be3 Rh7
15. f4 Qe8 16. Rf2 Kh8 17. Qd2 Qh5 18. Bf3 Qh3 19. Rg2 Re8 20. Rc1 Bf7 21. Kh1
e4 22. Ng1 exf3 23. Nxh3 Rxh3 24. Rf2 Bh5 25. Re1 Rg8 26. d4 Rgxg3 27. d5 Ne7
28. Bd4 Ng8 29. Re7 Rg7 30. Rxg7 Kxg7 31. Rf1 Kf7 32. Kg1 Bh4 33. Qa5 Bd8
34. Qe1 Bg4 35. Qe6+ Kf8 36. Re1 Be7 37. Qc8+ Kf7 38. Qe6+ Kf8 39. Qc8+ Kf7
40. Qxc7 1-0

[Event "Limhamns IM-turnering"]
[Site "Malmoe"]
[Date "2000.05.29"]
[Round "9"]
[White "Ansell, Simon"]
[Black "Hermansson, Emil"]
[Result "0-1"]
[WhiteElo "2383"]
[BlackElo "2282"]
[PlyCount "186"]
[EventDate "2000.05.??"]

1. e4 c6 2. d3 d5 3. Nd2 e5 4. Ngf3 Bd6 5. g3 Nf6 6. Bg2 O-O 7. O-O Re8 8. Re1
Nbd7 9. a4 a5 10. b3 Bb4 11. Bb2 d4 12. Rf1 b5 13. Bh3 Nb6 14. Bxc8 Qxc8
15. Kg2 bxa4 16. bxa4 c5 17. Nb1 c4 18. c3 dxc3 19. Nxc3 cxd3 20. Qxd3 Nc4
21. Nd1 Qc6 22. Rc1 Nxb2 23. Nxb2 Qxe4 24. Qxe4 Nxe4 25. Nd3 Nc3 26. Nfxe5 Nxa4
27. Nc6 Bc3 28. Nc5 Nxc5 29. Rxc3 Ne4 30. Ra3 a4 31. Rfa1 Nc5 32. Rc1 Nd7
33. Nb4 Nb6 34. Rc6 Re6 35. Rc7 Re4 36. Na2 Rc4 37. Rb7 Nd5 38. Rd3 Rc7 39. Rb5
Nf6 40. Ra3 Rc4 41. Nb4 h5 42. Nd3 g6 43. Ne5 Re4 44. Nf3 Ra7 45. h3 Kg7
46. Nd2 Rd4 47. Nf3 Re4 48. Nd2 Rd4 49. Nf3 Rc4 50. Ne5 Re4 51. Nf3 Nd7 52. Nd2
Rd4 53. Nf3 Rc4 54. Nd2 Rc2 55. Ne4 Rc4 56. Nd2 Rd4 57. Nf3 Rd6 58. Rb4 Nb6
59. Nd4 Rad7 60. Nf3 Re7 61. g4 hxg4 62. hxg4 Kf8 63. Ng5 Rc6 64. Nf3 Ke8
65. Rd4 Re2 66. Rb4 Rd6 67. Rf4 f6 68. Nd4 Rb2 69. Nf3 g5 70. Re4+ Kd7 71. Kg3
Kc6 72. Nd4+ Kc5 73. Rc3+ Kb4 74. Ne2+ Kb5 75. Nd4+ Rxd4 76. Rxd4 Rb3 77. Rxb3+
axb3 78. Kf3 Na4 79. Rd2 b2 80. Rxb2+ Nxb2 81. Ke4 Nd1 82. f4 Nf2+ 83. Kf5 Nh3
84. fxg5 fxg5 85. Ke4 Kc4 86. Ke3 Kc3 87. Ke4 Kd2 88. Kf3 Ke1 89. Kg2 Nf4+
90. Kf3 Kf1 91. Kg3 Ke2 92. Kh2 Kf3 93. Kg1 Kxg4 0-1